Adding Feminism to Law The Contributions of Justice Claire L'Heureux-Dube /

Bibliographic Details
Main Author: Sheeny, Elizabeth
Format: eBook
Language:English
Published: Toronto: Irwin Law Inc., 2004
Subjects:
Online Access:Acceso restringido

MARC

LEADER 00000nam a22000007a 4500
005 20210831122610.0
007 cr|||| ||||
008 210831s2004 ca |||||s|||| 00||0 eng d
020 |a 9781459313453 
035 |a 35276 
040 |a vLex 
090 |c 12166  |d 12166 
100 1 |a Sheeny, Elizabeth 
245 1 0 |a Adding Feminism to Law  |h [Recurso electrn̤ico] :  |b The Contributions of Justice Claire L'Heureux-Dube /  |c Elizabeth Sheeny 
256 |a Servicio en ln̕ea 
260 |a Toronto:  |b Irwin Law Inc.,  |c 2004 
300 |a 1 recurso electrn̤ico 
506 1 |a Disponible solo en los productos indicados  |d vLex Global  |d vLex Global (Academic Edition, excluding Law Schools)  |d vLex Global (U.S. Academic Edition, Law Schools)  |d vLex Global (U.S. Academic Edition, excluding Law Schools)  |d vLex Global (Academic Edition, Law Schools) 
650 0 4 |a Derecho Militar  |z Canad̀ 
650 0 4 |a Humanidades  |z Canad̀ 
740 0 |a vLex Libros (Servicio en ln̕ea) 
856 4 0 |u https://app.vlex.com/#/sources/35276  |z Acceso restringido 
942 |c BOOK 
999 0 |a Military Law 
999 0 |a Humanities